Movies Quiz

Random Movies or Pixar Quiz
Score 0/24 Timer 04:00
10 Plays Today
Question Answer Wrong Answers
Tarzan Disney
91.6%
Pixar
1.8%
DreamWorks
1.5%
Studio Ghibli
0.3%
The Tale of Princess Kaguya Studio Ghibli
89.4%
Disney
2%
Pixar
1.2%
DreamWorks
2.3%
Lilo & Stitch Disney
87.6%
Pixar
4.5%
DreamWorks
2.5%
Studio Ghibli
0.6%
Princess Mononoke Studio Ghibli
87.3%
Disney
3.5%
Pixar
1.4%
DreamWorks
2.7%
The Wind Rises Studio Ghibli
87.3%
Disney
1.9%
Pixar
1.8%
DreamWorks
4%
Castle in the Sky Studio Ghibli
85.8%
Disney
2.4%
Pixar
1.7%
DreamWorks
5%
The Emperor's New Groove Disney
83.7%
Pixar
3.2%
DreamWorks
5.1%
Studio Ghibli
3.1%
Monsters, Inc. Pixar
83.1%
Disney
8.5%
DreamWorks
3.5%
Studio Ghibli
0.2%
Spirited Away Studio Ghibli
81.5%
Disney
4.2%
Pixar
2%
DreamWorks
7.5%
Kung Fu Panda DreamWorks
80.5%
Disney
7.6%
Pixar
6.5%
Studio Ghibli
0.7%
Only Yesterday Studio Ghibli
80.2%
Disney
2.8%
Pixar
2.6%
DreamWorks
9.3%
Madagascar DreamWorks
78.9%
Disney
8.8%
Pixar
7%
Studio Ghibli
0.5%
Shark Tale DreamWorks
77.3%
Disney
6.8%
Pixar
9.2%
Studio Ghibli
1.9%
Megamind DreamWorks
77.2%
Disney
5.3%
Pixar
8.5%
Studio Ghibli
4.2%
Finding Nemo Pixar
77%
Disney
16.4%
DreamWorks
1.9%
Studio Ghibli
0.2%
A Bug's Life Pixar
76.7%
Disney
12.6%
DreamWorks
5.6%
Studio Ghibli
0.4%
Over the Hedge DreamWorks
75.8%
Disney
6.4%
Pixar
6.6%
Studio Ghibli
6.4%
Inside Out Pixar
75%
Disney
15.8%
DreamWorks
3.7%
Studio Ghibli
0.8%
Ratatouille Pixar
72.2%
Disney
18.7%
DreamWorks
4.1%
Studio Ghibli
0.4%
The Croods DreamWorks
72.1%
Disney
10.3%
Pixar
9%
Studio Ghibli
3.9%
Treasure Planet Disney
70%
Pixar
4.2%
DreamWorks
12%
Studio Ghibli
8.9%
Brave Pixar
63.3%
Disney
28.3%
DreamWorks
3.3%
Studio Ghibli
0.5%
Bolt Disney
62.8%
Pixar
19.3%
DreamWorks
12.5%
Studio Ghibli
0.8%
Wreck-It Ralph Disney
59.4%
Pixar
25.9%
DreamWorks
9.5%
Studio Ghibli
0.6%
Remove Ads.
Support Sporcle.
Get the best of Sporcle when you Go Orange. This ad-free experience offers more features, more stats, and more fun while also helping to support Sporcle. Thank you for becoming a member.

You're not logged in!

Compare scores with friends on all Sporcle quizzes.
OR
Log In

Show Comments

Extras

Top Quizzes Today


Score Distribution

Your Account Isn't Verified!

In order to create a playlist on Sporcle, you need to verify the email address you used during registration. Go to your Sporcle Settings to finish the process.

Report this User

Report this user for behavior that violates our Community Guidelines.

Details: